| 000 | 00752nam a2200193Ii 4500 | ||
|---|---|---|---|
| 003 | JO-AjNU | ||
| 008 | 230605s9999||||xx |||||||||||||| ||und|| | ||
| 040 |
_aJO-AjNU _bara _erda _cJO-AjNU |
||
| 041 | _aara | ||
| 050 | 1 | 4 | _aPJ6106.R342 2006 |
| 100 | 3 |
_aتأليف الراجحي شرف الدين علي, _eauthor _923752 |
|
| 245 | 0 | 0 | _aأسس النحو العربي والصرف والمهارات التحريرية في الكتابة العربية (1) |
| 264 | 3 | 1 | _aالقاهرة: دار المعرفة الجامعية، 2006 |
| 300 | _a308ص | ||
| 336 |
_atext _btxt _2rdacontent |
||
| 337 |
_aunmediated _bn _2rdamedia |
||
| 338 |
_avolume _bnc _2rdacarrier |
||
| 650 | 4 |
_aاللغة العربية-النحو-النحو العربي _923753 |
|
| 999 |
_aA8643 _c12211 _d12211 |
||